000 00490nam a22001697a 4500
005 20260305114940.0
008 260305b |||||||| |||| 00| 0 eng d
020 _a9789241594745 (pbk)
040 _cPK-LaUMT
082 _a613.2083
_bINF-
245 _aInfant and young child feeding counselling :
_ban integrated course /
260 _aSwitzerland :
_bWorld Health Organization,
_cNA
300 _a106 p.
650 _aBreast feeding
650 _aInfant nutrition
_99631
942 _cBK
999 _c139999
_d139999